El Hospicio Cabañas /
Guardat en:
| Autor principal: | |
|---|---|
| Altres autors: | , |
| Format: | Llibre |
| Idioma: | espanyol |
| Publicat: |
México :
Jus,
1976, c1976
|
| Edició: | 2a edición |
| Matèries: | |
| Etiquetes: |
Sense etiquetes, Sigues el primer a etiquetar aquest registre!
|
MARC
| LEADER | 00000nam^a2200000^a^4500 | ||
|---|---|---|---|
| 001 | 000344237 | ||
| 005 | 20250526000000.0 | ||
| 008 | 140715 19761976 | ||
| 009 | 20260310114645.438 | ||
| 037 | |a Acervo ITESO - Biblioteca | ||
| 041 | |a ESP | ||
| 082 | |a 720. 97235203 |b LOP | ||
| 100 | |a López Portillo y Weber, José |e (autor) | ||
| 245 | 1 | 3 | |a El Hospicio Cabañas / |c J. López-Portillo y Weber, J. Fernández, I. Díaz Morales. |
| 250 | |a 2a edición | ||
| 264 | 4 | |a México : |b Jus, |c 1976, c1976 | |
| 300 | |a 127 p. ; |c 23.0 cm. | ||
| 336 | |a texto |b txt |2 rdacontenido | ||
| 337 | |a sin mediación |b n |2 rdamedio | ||
| 338 | |a volumen |b nc |2 rdasoporte | ||
| 545 | 0 | |a El Hospicio Cabañas fue fundado como Casa de la Misericordia por Juan Cruz Ruiz de Cabañas (1752-1824), obispo de Guadalajara desde 1796 hasta su muerte, aunque llegó a la ciudad casi dos años después de su nombramiento; el obispo Cabañas respondía así al exhorto real de erigir casas de expósitos en donde fuera necesario. Ubicado en el lado oriental del Río San Juan de Dios, el predio El Sabino en donde fue construido era propiedad del Santuario de Nuestra Señora de la Soledad. El edificio, obra cumbre del neoclásico tapatío, fue diseñado por el arquitecto Manuel Tolsá (1757-1816), construido por José Gutiérrez (1772-¿1830?) y terminado por Manuel Gómez de Ibarra. La Casa de la Misericordia comenzó a funcionar en febrero de 1810 recibiendo a 66 niños pobres a los que daría cobijo, sustento y educación; sin embargo, la Guerra de Independencia la convirtió en cuartel militar, y es hasta 1829 que recuperó su función original y reabrió ya con el nombre de Hospicio Cabañas. En 1938-1939 la capilla fue decorada con 57 frescos por José Clemente Orozco. En 1980 el orfanatorio se convirtió en Hogar Cabañas y cambió de sede, mientras que el hospicio fue restaurado y pasó a llamarse oficialmente Instituto Cultural Cabañas. | |
| 561 | |a Ex libris de Ignacio Díaz Morales | ||
| 649 | |a XX | ||
| 650 | |a Iglesia Católica en Guadalajara, Jalisco - |x Historia | ||
| 650 | |a Iglesia Católica en México - |x Historia | ||
| 650 | |a Instituto Cultural Cabañas - |x Tema Principal | ||
| 650 | |a Orfanatorios - |z Guadalajara, Jalisco - |x Historia - |x Tema Principal | ||
| 650 | |a Orfanatorios - |z México - |x Historia | ||
| 650 | |a Caridad - |z Guadalajara, Jalisco - |x Historia - |x Tema Principal | ||
| 650 | |a Caridad - |z México - |x Historia | ||
| 650 | |a Arquitectura Neoclásica - |z Guadalajara, Jalisco - |x Historia y Crítica | ||
| 650 | |a Arquitectura Neoclásica - |z México - |x Historia y Crítica | ||
| 650 | |a Arquitectura Virreinal - |z Guadalajara, Jalisco - |x Historia y Crítica | ||
| 650 | |a Arquitectura Virreinal - |z México - |x Historia y Crítica | ||
| 650 | |a Arquitectura Jalisciense - |z Guadalajara, Jalisco - |x Historia y Crítica - |x Tema Principal | ||
| 650 | |a Arquitectura Jalisciense - |x Historia y Crítica | ||
| 650 | |a Arquitectura Mexicana - |x Historia y Crítica | ||
| 650 | |a Patrimonio de la Humanidad - |z Guadalajara, Jalisco | ||
| 650 | |a Patrimonio de la Humanidad - |z México | ||
| 650 | |a Arte Neoclásico - |z Guadalajara, Jalisco - |x Historia y Crítica | ||
| 650 | |a Arte Neoclásico - |z México - |x Historia y Crítica | ||
| 650 | |a Arte Virreinal - |z Guadalajara, Jalisco - |x Historia y Crítica | ||
| 650 | |a Arte Virreinal - |z México - |x Historia y Crítica | ||
| 650 | |a Arte Jalisciense - |z Guadalajara, Jalisco - |x Historia y Crítica | ||
| 650 | |a Arte Jalisciense - |x Historia y Crítica | ||
| 650 | |a Arte Mexicano - |x Historia y Crítica | ||
| 650 | |a Guadalajara, Jalisco - |x Historia - |x Tema Principal | ||
| 650 | |a Jalisco - |x Historia - |x Tema Principal | ||
| 650 | |a México - |x Historia | ||
| 650 | |a Tolsá, Manuel | ||
| 650 | |a Gutiérrez, José | ||
| 650 | |a Orozco, José Clemente | ||
| 600 | |a Cabañas, Juan Cruz de, |c Obispo de Guadalajara | ||
| 740 | 0 | |a Guadalajara, el Hospicio Cabañas y su fundador / |c J. López Portillo y Weber. | |
| 740 | 4 | |a Los frescos de Orozco en el Hospicio Cabañas de Guadalajara / |c J. Fernández. | |
| 740 | 3 | |a La arquitectura del Hospicio Cabañas / |c I. Díaz Morales. | |
| 700 | |a Fernández, Justino |e (autor) | ||
| 700 | |a Díaz Morales, Ignacio |e (autor) | ||
| 910 | |a Fondo Ignacio Díaz Morales | ||
| 920 | |a Impresos - Libros | ||
| 930 | |a Libros Antiguos y Raros | ||
| 940 | |a Arquitectos Jaliscienses | ||
| 905 | |a 108 | ||
| 901 | |a 0500234784 |b IT2 |c LRA |i D64637 |u 20250526 | ||
| 902 | |a https://opac.biblio.iteso.mx/vufind/Record/000344237 | ||